|
|
|
|
| LEADER |
00000nab a2200000 a 4500 |
| 001 |
vtls000386730 |
| 003 |
SK-MaSNL |
| 005 |
20260311225054.0 |
| 008 |
230302c1990 xo 0 cze |
| 015 |
|
|
|a SNBRB19rr/mm-uuuuu
|
| 035 |
|
|
|a CL0386853
|
| 035 |
|
|
|a urn:nbn:sk:snk-abamy5
|
| 035 |
|
|
|a (urnnbn)urn:nbn:sk:snk:ar-008999
|
| 035 |
|
|
|a (uuid)d9e38cfb-d432-4957-bfb6-530d29ccc5be
|
| 040 |
|
|
|a SNKBUCL
|b slo
|c SNKBUCL
|e AACR2
|
| 041 |
0 |
|
|a cze
|
| 044 |
|
|
|a xo
|c SK
|
| 080 |
|
|
|a 324(437)
|2 1981
|
| 080 |
|
|
|a 323(437)
|2 1981
|
| 080 |
|
|
|a 327(437)
|2 1981
|
| 100 |
1 |
|
|a Sviták, Ivan
|4 aut
|9 280444
|
| 245 |
1 |
0 |
|a Pozor na politikov
|b Hovoríme s filozofom a spisovateľom Ivanom Svitákom
|c Ivan Sviták, Jaroslava Kopecká
|
| 300 |
|
|
|b Fot. 1.
|
| 500 |
|
|
|a Red. pozn.
|
| 650 |
0 |
7 |
|a parlamentné voľby
|2 snkbucl
|9 1623
|
| 650 |
0 |
7 |
|a vzťahy národnostné
|2 snkbucl
|9 923221
|
| 651 |
|
7 |
|a Československo
|2 snkbucl
|9 21376
|
| 655 |
|
7 |
|a články z novín a časopisov
|2 snkbucl
|9 267496
|
| 700 |
1 |
|
|a Kopecká, Jaroslava
|4 aut
|9 943701
|
| 773 |
0 |
|
|t Literárny týždenník
|g Roč. 3, č. 28 (1990), s. /1/ a 11
|
| 850 |
|
|
|a Slovenská národná knižnica v Martine
|a MTA001
|
| 852 |
|
|
|a SNK
|b KIS3GCP
|
| 954 |
|
|
|a odborná, vedecká literatúra cudzojazyčná (svetová)
|2 lita
|
| 958 |
|
|
|a RK
|
| 958 |
|
|
|a CZ
|
| 958 |
|
|
|a OND
|
| 958 |
|
|
|a EUIPO
|
| 958 |
|
|
|a article14
|
| 999 |
|
|
|c 3264639
|d 3266569
|